| 000 | 00849nam a2200241 a 4500 | ||
|---|---|---|---|
| 001 | 000018903 | ||
| 005 | 20200929165859.0 | ||
| 008 | 100520s2001 it a r 000 f spa d | ||
| 020 | _a8888405003 | ||
| 040 |
_aDO-SdBNP _bspa _cBNPHU |
||
| 082 |
_a853.914 _bP692c |
||
| 100 | 1 |
_aPitzorno, Bianca _d1942- _940692 |
|
| 245 | 1 | 0 |
_aCuentos de la isla de las Nuragas : _bo historia de Elisa y de Prisca cuando eran pequeñas / _cBianca Pitzorno ; edición Danilo Manera ; traducción Julia Calzadilla. |
| 260 |
_aCesena, Italia : _bARCI Solidarieta, _c2001. |
||
| 300 |
_a80 p. : _bil. ; _c17 cm. |
||
| 490 | 1 | _aUn Mar de Sueños | |
| 650 | 4 |
_aNovela italiana _94322 |
|
| 650 | 4 |
_aLiteratura italiana _93329 |
|
| 700 | 1 |
_aManera, Danilo, _eed. _923179 |
|
| 700 | 1 |
_aCalzadilla, Julia, _etr. _922018 |
|
| 830 | 0 |
_aUn Mar de Sueños _940693 |
|
| 049 | _aBNGR | ||
| 999 |
_c18421 _d18421 |
||